Statistiques concernant Les 18 villes présentes en ligue 1 en 2000-2001

Cliquez ici pour prendre le quiz!

Statistiques générales

  • Ce quiz a été pris 220 fois
  • Le résultat moyen est 15 sur 18

Statistiques - réponses

Réponse% Correct
Paris
99%
Bordeaux
98%
Marseille
98%
Lyon
96%
Lille
95%
Nantes
95%
Rennes
91%
Toulouse
91%
Lens
89%
Saint-Etienne
88%
Strasbourg
88%
Monaco
84%
Metz
83%
Auxerre
76%
Bastia
67%
Troyes
55%
Guingamp
53%
Sedan
45%

Distribution des résultats

Percentile par nombre de réponses

% des personnes avec chaque résultat

Votre développement - résultats

Vous n’avez pas pris ce quiz